| 000 | 00444nam a22001577a 4500 | ||
|---|---|---|---|
| 999 |
_c524668 _d524668 |
||
| 003 | NUST | ||
| 038 | _aMr. Zahoor | ||
| 082 | _a621.3 | ||
| 100 |
_aSehrish Mahmood _915469 |
||
| 245 |
_aANALYSIS OF ROUTING ALGORITHMS WIRELESS MESH NETWORKS / _cSehrish Mahmood |
||
| 260 |
_aIslamabad. _bCEME - NUST, _c2013. |
||
| 300 |
_av, 96 p. : ill, ; _c30cm. |
||
| 500 | _aHardcover. | ||
| 600 | _2Computer of Science - MS Thesis | ||
| 942 |
_2ddc _cTHE |
||